000 00713nam a22002057a 4500
005 20100806151443.0
010 _aENG-98535
020 _c125.00
035 _aEN-82068
037 _bDBAD/PUB
082 _a516.24
100 _aSeelan, N. Sathya
_97926
245 _aTrigonometry /
_cby N. Sathya Seelan
260 _aTriuchirappalli
_bR.J. Publishing House
_c2007
270 _a169, Darul Hikma. J. K. Nagar, Kajamalai
_bTriuchirappalli
_e620013
300 _a170p.
_c20cm (pbk)
650 _aTrigonometry
_97927
942 _2ddc
_cEN
_h516.24
_mSEE
999 _c39856
_d39856